000 00271nam a22001097a 4500
008 170125b xxu||||| |||| 00| 0 eng d
020 _a9780387984513
041 _aeng
080 _22ND
_a618.2
245 _aINTRODUCTION TO NUSING INFORMATICS
_cHANNAH, K.J
942 _2udc
_cBK
999 _c3621
_d3621